[Event "Catalunya-chT Gp1 Final"]
[Site "Barcelona"]
[Date "2023.04.15"]
[Round "3.6"]
[White "Fernandez Aguado, Enrique"]
[Black "Masague Artero, Guerau"]
[Result "1-0"]
[WhiteElo "2270"]
[BlackElo "2302"]
[PlyCount "93"]
[EventDate "2023.03.18"]
[EventType "team-k.o."]
[EventRounds "3"]
[EventCountry "ESP"]
[SourceTitle "EXT 2024"]
[Source "ChessBase"]
[SourceDate "2023.10.10"]
[SourceVersion "1"]
[SourceVersionDate "2023.10.10"]
[SourceQuality "1"]
[WhiteTeam "Colon Sabadell"]
[BlackTeam "Barcelona Escacs CC"]
[WhiteTeamCountry "ESP"]
[BlackTeamCountry "ESP"]

1. d4 Nf6 2. c4 e6 3. Nc3 d5 4. Bg5 Be7 5. e3 0-0 6. Nf3 h6 7. Bh4 Ne4 8. Bxe7 Qxe7 9. Rc1 Nxc3 10. Rxc3 c6 11. Qc2 Nd7 12. cxd5 exd5 13. Bd3 Nf6 14. 0-0 Ne4 15. Bxe4 dxe4 16. Nd2 Re8 17. Rc5 f6 18. a4 Bd7 19. a5 Rad8 20. Rc1 Kh8 21. h3 Qe6 22. Nf1 a6 23. Ng3 Bc8 24. Qc3 Qf7 25. Qc4 Be6 26. Qb4 Bd5 27. Ne2 g5 28. Nc3 Bb3 29. Qb6 Rd7 30. Kf1 Ree7 31. Kg1 Kh7 32. Qa7 f5 33. Qb8 Re8 34. Qh2 f4 35. h4 g4 36. exf4 Rxd4 37. Qg3 Rd2 38. Re1 Bc2 39. h5 Bd3 40. Qxg4 Rg8 41. Qh4 Qg7 42. Qh3 Rxb2 43. Nxe4 Rb1 44. Nf6+ Kh8 45. Rxb1 Bxb1 46. Nxg8 Kxg8 47. Qb3+ 1-0

[Event "Catalunya-chT Gp2"]
[Site "Barcelona"]
[Date "2022.02.19"]
[Round "5.7"]
[White "Draghici Flutur, Gavril"]
[Black "Fernandez Aguado, Enrique"]
[Result "0-1"]
[WhiteElo "2114"]
[BlackElo "2267"]
[PlyCount "34"]
[EventDate "2022.01.22"]
[EventType "team-tourn"]
[EventRounds "9"]
[EventCountry "ESP"]
[SourceTitle "CBM 208 Extra"]
[Source "ChessBase"]
[SourceDate "2022.07.31"]
[SourceVersion "1"]
[SourceVersionDate "2022.07.31"]
[SourceQuality "1"]
[WhiteTeam "Salauris"]
[BlackTeam "Colon Sabadell"]
[WhiteTeamCountry "ESP"]
[BlackTeamCountry "ESP"]

1. e4 c5 2. Nc3 e6 3. Nf3 Nc6 4. g3 Nf6 5. Bg2 d5 6. exd5 exd5 7. d4 cxd4 8. Nxd4 Be7 9. 0-0 0-0 10. Nxc6 bxc6 11. Be3 Be6 12. Na4 Qa5 13. c4 dxc4 14. Bxc6 Rac8 15. Bg2 Rfd8 16. Qc2 Bf5 17. b4 Bxb4 0-1

[Event "Catalunya-chT Gp1"]
[Site "Barcelona"]
[Date "2020.02.15"]
[Round "5.7"]
[White "Dickl, Errol"]
[Black "Fernandez Aguado, Enrique"]
[Result "0-1"]
[WhiteElo "2159"]
[BlackElo "2269"]
[PlyCount "76"]
[EventDate "2020.01.18"]
[EventType "team-tourn"]
[EventRounds "7"]
[EventCountry "ESP"]
[SourceTitle "CBM 195 Extra"]
[Source "ChessBase"]
[SourceDate "2020.05.31"]
[SourceVersion "1"]
[SourceVersionDate "2020.05.31"]
[SourceQuality "1"]
[WhiteTeam "Tres Peons"]
[BlackTeam "Colon Sabadell"]
[WhiteTeamCountry "ESP"]
[BlackTeamCountry "ESP"]

1. e4 c5 2. Nf3 Nc6 3. Bb5 g6 4. 0-0 Bg7 5. c3 Nf6 6. Qa4 0-0 7. d4 cxd4 8. e5 Nd5 9. cxd4 a6 10. Qb3 axb5 11. Qxd5 b4 12. Bf4 d6 13. exd6 Ra5 14. Qe4 exd6 15. Nbd2 Bf5 16. Qe2 Re8 17. Qc4 Be6 18. Qd3 g5 19. Bxg5 Rxg5 20. Nxg5 Qxg5 21. Nf3 Qd5 22. Rfe1 Ne5 23. Nxe5 dxe5 24. Qd1 exd4 25. Qa4 Rc8 26. Qxb4 Qg5 27. Qxb7 Rd8 28. Qf3 h5 29. a4 d3 30. Rxe6 fxe6 31. h4 Qg4 32. Qxg4 hxg4 33. Kf1 Bxb2 34. Rb1 Bc3 35. g3 Rd4 36. f3 d2 37. Rd1 gxf3 38. Kf2 Re4 0-1

[Event "Sitges op 42nd"]
[Site "Sitges"]
[Date "2016.07.27"]
[Round "6"]
[White "Movsziszian, Karen"]
[Black "Fernandez Aguado, Enrique"]
[Result "1-0"]
[WhiteElo "2485"]
[BlackElo "2308"]
[PlyCount "91"]
[EventDate "2016.07.22"]
[EventType "swiss"]
[EventRounds "9"]
[EventCountry "ESP"]
[SourceTitle "EXT 2017"]
[Source "ChessBase"]
[SourceDate "2016.10.25"]
[SourceVersion "1"]
[SourceVersionDate "2016.10.25"]
[SourceQuality "1"]

1. Nf3 d5 2. g3 Nf6 3. Bg2 c6 4. 0-0 Bg4 5. d3 e6 6. Nbd2 Nbd7 7. h3 Bh5 8. e4 Bc5 9. Qe1 dxe4 10. dxe4 e5 11. Nc4 Bxf3 12. Bxf3 0-0 13. a4 Qe7 14. Bg2 Rfd8 15. Bd2 Nb6 16. Ne3 Qe6 17. b3 Bd4 18. Rd1 g6 19. a5 Nbd7 20. Qe2 b5 21. b4 a6 22. c3 Ba7 23. Kh2 Nf8 24. Bc1 h5 25. Bf3 N8h7 26. Ng2 Ne8 27. Nh4 Nd6 28. Bg2 Qc4 29. Rd3 c5 30. Rfd1 cxb4 31. cxb4 Ne8 32. Nf3 Rxd3 33. Qxd3 Qxd3 34. Rxd3 Bxf2 35. Nxe5 h4 36. gxh4 Bxh4 37. Nc6 Nf8 38. e5 Nc7 39. Rd4 Bf2 40. Rf4 Be1 41. Ne7+ Kg7 42. Bxa8 Nxa8 43. Re4 Bc3 44. Nd5 Ba1 45. Bg5 Nd7 46. e6 1-0

[Event "Sabadell op 8th"]
[Site "Sabadell"]
[Date "2015.09.08"]
[Round "7"]
[White "Akbarinia, Sayed Arash"]
[Black "Fernandez Aguado, Enrique"]
[Result "1-0"]
[WhiteElo "2397"]
[BlackElo "2326"]
[PlyCount "97"]
[EventDate "2015.09.02"]
[EventType "swiss"]
[EventRounds "9"]
[EventCountry "ESP"]
[SourceTitle "EXT 2016"]
[Source "ChessBase"]
[SourceDate "2015.10.08"]
[SourceVersion "1"]
[SourceVersionDate "2015.10.08"]
[SourceQuality "1"]

1. Nf3 Nf6 2. c4 e6 3. g3 d5 4. d4 Bb4+ 5. Nbd2 0-0 6. Qc2 dxc4 7. Qxc4 Qe7 8. Bg2 a6 9. 0-0 c5 10. a3 Bxd2 11. Bxd2 Nbd7 12. dxc5 Qxc5 13. Qxc5 Nxc5 14. Bb4 Nfd7 15. Rac1 b6 16. Ne5 Ra7 17. Nxd7 Bxd7 18. Bxc5 bxc5 19. Rxc5 Bb5 20. Bf3 Rd7 21. Rfc1 Rfd8 22. b3 Kf8 23. a4 Rd1+ 24. Rxd1 Rxd1+ 25. Kg2 Bd7 26. Bc6 Ke7 27. Bxd7 Kxd7 28. Kf3 Rb1 29. Rc3 Kd6 30. Ke4 f6 31. f4 g6 32. Kd4 Rb2 33. Re3 Rc2 34. Kd3 Rc1 35. Kd2 Rh1 36. h4 Kd5 37. Rd3+ Kc5 38. Rc3+ Kd5 39. Rc4 f5 40. Rc3 Rg1 41. Re3 Rb1 42. Kc3 Rc1+ 43. Kb4 Rc2 44. Ka5 Rc6 45. b4 Kd4 46. Re5 Rc3 47. Kxa6 Ra3 48. a5 Kc4 49. b5 1-0

[Event "Catalunya-chT"]
[Site "Catalunya"]
[Date "2014.04.05"]
[Round "11.4"]
[White "Barbero Sendic, Alejandro"]
[Black "Fernandez Aguado, Enrique"]
[Result "1-0"]
[WhiteElo "2348"]
[BlackElo "2351"]
[PlyCount "91"]
[EventDate "2014.01.25"]
[EventType "team"]
[EventRounds "11"]
[EventCountry "ESP"]
[SourceTitle "EXT 2015"]
[Source "ChessBase"]
[SourceDate "2014.11.20"]
[SourceVersion "1"]
[SourceVersionDate "2014.11.20"]
[SourceQuality "1"]
[WhiteTeam "Lleida"]
[BlackTeam "Sitges"]
[WhiteTeamCountry "ESP"]
[BlackTeamCountry "ESP"]

1. e4 e5 2. Nf3 Nc6 3. Nc3 Nf6 4. g3 Bc5 5. Bg2 d6 6. d3 Bg4 7. h3 Be6 8. Na4 Bb4+ 9. c3 Ba5 10. b4 Bb6 11. b5 Ne7 12. Nxb6 axb6 13. Ng5 Bd7 14. c4 h6 15. Nf3 0-0 16. 0-0 Be6 17. Kh2 Nd7 18. Nh4 Nc5 19. g4 c6 20. f4 f6 21. g5 fxg5 22. fxg5 Rxf1 23. Bxf1 Qf8 24. Be3 hxg5 25. Nf3 Nb3 26. Qxb3 Qxf3 27. Bxg5 Ng6 28. bxc6 bxc6 29. Qxb6 Qh5 30. Qe3 Rb8 31. Re1 Rb2+ 32. Re2 Bxh3 33. Rxb2 Bxf1+ 34. Kg1 Bxd3 35. Rb8+ Kh7 36. Rb3 Qd1+ 37. Kh2 Qh5+ 38. Qh3 Qxh3+ 39. Kxh3 Bxc4 40. Rb2 Bd3 41. Rd2 Bxe4 42. Rxd6 c5 43. Kg3 c4 44. Kf2 c3 45. Ke3 c2 46. Kxe4 1-0

[Event "Catalunya-chT"]
[Site "Catalunya"]
[Date "2014.02.22"]
[Round "5.1"]
[White "Fernandez Aguado, Enrique"]
[Black "Hernando Rodrigo, Julio Antonio"]
[Result "1/2-1/2"]
[WhiteElo "2351"]
[BlackElo "2348"]
[PlyCount "69"]
[EventDate "2014.01.25"]
[EventType "team"]
[EventRounds "11"]
[EventCountry "ESP"]
[SourceTitle "EXT 2015"]
[Source "ChessBase"]
[SourceDate "2014.11.20"]
[SourceVersion "1"]
[SourceVersionDate "2014.11.20"]
[SourceQuality "1"]
[WhiteTeam "Sitges"]
[BlackTeam "Cerdanyola Valles"]
[WhiteTeamCountry "ESP"]
[BlackTeamCountry "ESP"]

1. e4 e6 2. d4 d5 3. exd5 exd5 4. c4 Bb4+ 5. Nc3 Nf6 6. Nf3 0-0 7. Bd3 Bg4 8. 0-0 dxc4 9. Bxc4 Nc6 10. a3 Bxf3 11. Qxf3 Qxd4 12. axb4 Qxc4 13. b5 Nd4 14. Qxb7 Rab8 15. Qxa7 Nxb5 16. Nxb5 Rxb5 17. Be3 Rxb2 18. Rfc1 Rc2 19. Rxc2 Qxc2 20. Rc1 Rd8 21. h3 Qb3 22. Qxc7 Re8 23. Bd4 Qe6 24. Qg3 Nh5 25. Qf3 Qh6 26. Be3 Qg6 27. Rc5 Nf6 28. Qc6 h6 29. Qb5 Qe4 30. Rc6 Rd8 31. Bxh6 Rd5 32. Qb3 Qe1+ 33. Kh2 Qxf2 34. Rxf6 Qxf6 35. Qxd5 1/2-1/2

[Event "Sitges op 39th"]
[Site "Sitges"]
[Date "2013.07.25"]
[Round "4"]
[White "Grigoryan, Karen H"]
[Black "Fernandez Aguado, Enrique"]
[Result "1-0"]
[WhiteElo "2550"]
[BlackElo "2364"]
[PlyCount "71"]
[EventDate "2013.07.22"]
[EventType "swiss"]
[EventRounds "9"]
[EventCountry "ESP"]
[SourceTitle "CBM 155 Extra"]
[Source "ChessBase"]
[SourceDate "2013.08.26"]
[SourceVersion "1"]
[SourceVersionDate "2013.08.26"]
[SourceQuality "1"]

1. d4 Nf6 2. c4 e6 3. Nc3 Bb4 4. Qc2 c5 5. dxc5 Na6 6. a3 Bxc3+ 7. Qxc3 Nxc5 8. b4 Nce4 9. Qb2 d5 10. c5 h6 11. f3 Ng5 12. Bf4 0-0 13. Bd6 Re8 14. h4 Ngh7 15. g4 b6 16. e3 bxc5 17. bxc5 h5 18. g5 Nd7 19. Kf2 Nb6 20. Bd3 f5 21. Ne2 e5 22. cxb6 Qxd6 23. b7 Bxb7 24. Qxb7 e4 25. Bb5 d4 26. Bxe8 dxe3+ 27. Kg2 exf3+ 28. Qxf3 Rxe8 29. Rad1 Qa6 30. Rhe1 Nf8 31. Nf4 Qa4 32. Rb1 a5 33. Kg3 Qxa3 34. Qd5+ Kh8 35. Rb3 Qa4 36. Rbxe3 1-0

[Event "Catalunya-chT Honor"]
[Site "Catalunya"]
[Date "2013.02.02"]
[Round "3.3"]
[White "Torrecillas Martinez, Antonio"]
[Black "Fernandez Aguado, Enrique"]
[Result "0-1"]
[WhiteElo "2407"]
[BlackElo "2360"]
[PlyCount "76"]
[EventDate "2013.01.19"]
[EventType "team-tourn"]
[EventRounds "11"]
[EventCountry "ESP"]
[SourceTitle "CBM 152 Extra"]
[Source "ChessBase"]
[SourceDate "2013.02.25"]
[SourceVersion "1"]
[SourceVersionDate "2013.02.25"]
[SourceQuality "1"]
[WhiteTeam "Foment Martinenc"]
[BlackTeam "Sitges"]
[WhiteTeamCountry "ESP"]
[BlackTeamCountry "ESP"]

1. e4 e5 2. Nf3 Nc6 3. Bb5 a6 4. Bxc6 dxc6 5. 0-0 f6 6. d4 Bg4 7. dxe5 Qxd1 8. Rxd1 fxe5 9. Rd3 Bd6 10. Nbd2 b5 11. b3 Ne7 12. Bb2 Ng6 13. g3 0-0 14. Kg2 Rab8 15. h3 Bc8 16. c4 c5 17. a4 b4 18. h4 h5 19. Nh2 Bb7 20. Rf3 Rf6 21. Kf1 Rbf8 22. Ke2 Ne7 23. Rg1 Kf7 24. Rd3 Nc6 25. f4 exf4 26. Bxf6 fxg3 27. Nhf1 gxf6 28. Nxg3 Nd4+ 29. Kf2 Be5 30. Ne2 Re8 31. Rf1 Ke7 32. Ke1 Rd8 33. Nxd4 cxd4 34. Rf5 Rh8 35. Nf3 Bxe4 36. Nxe5 Bxf5 37. Nc6+ Kd7 38. Rf3 Be4 0-1

[Event "Collado Villalba op-A 27th"]
[Site "Collado Villalba"]
[Date "2010.08.23"]
[Round "4"]
[White "Fernandez Aguado, Enrique"]
[Black "Aroshidze, Levan"]
[Result "1-0"]
[WhiteElo "2343"]
[BlackElo "2548"]
[PlyCount "85"]
[EventDate "2010.08.20"]
[EventType "swiss"]
[EventRounds "10"]
[EventCountry "ESP"]
[SourceTitle "CBM 138 Extra"]
[Source "ChessBase"]
[SourceDate "2010.10.29"]
[SourceVersion "1"]
[SourceVersionDate "2010.10.29"]
[SourceQuality "1"]

1. Nf3 c5 2. c4 Nf6 3. g3 b6 4. Bg2 Bb7 5. Nc3 e6 6. d4 cxd4 7. Qxd4 d6 8. Bg5 Be7 9. 0-0 a6 10. Bxf6 Bxf6 11. Qf4 Bxf3 12. Qxf3 Ra7 13. Rad1 0-0 14. Qd3 Be7 15. f4 Nd7 16. f5 Re8 17. fxe6 fxe6 18. Be4 h6 19. Qf3 Ne5 20. Qh5 Rf8 21. Rxf8+ Qxf8 22. Qh3 Qc8 23. b3 b5 24. cxb5 axb5 25. Nxb5 Rxa2 26. Nd4 Nf7 27. Nxe6 Ra5 28. Bd5 Qc2 29. Qf1 Rxd5 30. Rxd5 Qe4 31. Qf5 Qxe2 32. Nf4 Qe3+ 33. Kg2 Qxb3 34. Rb5 Qa2+ 35. Kh3 Ng5+ 36. Kg4 Qa8 37. Qd5+ Qxd5 38. Nxd5 Bd8 39. Rb8 Nf7 40. Kf5 Kh7 41. h4 Ba5 42. Rb7 Kg8 43. Ne7+ 1-0

[Event "Sitges op 36th"]
[Site "Sitges"]
[Date "2010.07.29"]
[Round "8"]
[White "Lammers, Markus"]
[Black "Fernandez Aguado, Enrique"]
[Result "1-0"]
[WhiteElo "2386"]
[BlackElo "2343"]
[PlyCount "115"]
[EventDate "2010.07.22"]
[EventType "swiss"]
[EventRounds "9"]
[EventCountry "ESP"]
[SourceTitle "CBM 137 Extra"]
[Source "ChessBase"]
[SourceDate "2010.09.01"]
[SourceVersion "1"]
[SourceVersionDate "2010.09.01"]
[SourceQuality "1"]

1. Nf3 c5 2. c4 Nf6 3. Nc3 b6 4. g3 Bb7 5. Bg2 g6 6. 0-0 Bg7 7. Re1 0-0 8. e4 Nc6 9. e5 Ng4 10. h3 Nh6 11. d4 Nxd4 12. Nxd4 Bxg2 13. Kxg2 cxd4 14. Qxd4 Nf5 15. Qd3 f6 16. exf6 Bxf6 17. Bf4 d6 18. Re6 Qe8 19. Rae1 Qf7 20. Nd5 Be5 21. Bxe5 Qxe6 22. Bc3 Qf7 23. f4 b5 24. Nxe7+ Nxe7 25. Qd4 Qf6 26. Qxf6 Rxf6 27. Bxf6 Nf5 28. g4 Kf7 29. Bc3 Ne7 30. cxb5 Nd5 31. Re4 a6 32. Ra4 a5 33. Bd2 Rc8 34. Rd4 Ke6 35. Bxa5 g5 36. fxg5 Rc2+ 37. Rd2 Rc5 38. a4 Ne3+ 39. Kf3 Nc4 40. Re2+ Kd7 41. Bc3 Rxg5 42. Bf6 Rd5 43. Re7+ Kc8 44. Rxh7 Nb6 45. Ke4 Rd2 46. a5 d5+ 47. Kf5 Nd7 48. Rh8+ Kc7 49. Bg5 Rxb2 50. Bf4+ Kb7 51. Rh7 Kc8 52. Rh8+ Kb7 53. Rh7 Kc8 54. a6 Nb6 55. Rh8+ Kd7 56. Rh7+ Kc8 57. Ke6 Re2+ 58. Be5 1-0

[Event "Sitges op 36th"]
[Site "Sitges"]
[Date "2010.07.24"]
[Round "3"]
[White "Fernandez Aguado, Enrique"]
[Black "Barsov, Alexei"]
[Result "0-1"]
[WhiteElo "2343"]
[BlackElo "2505"]
[PlyCount "70"]
[EventDate "2010.07.22"]
[EventType "swiss"]
[EventRounds "9"]
[EventCountry "ESP"]
[SourceTitle "CBM 137 Extra"]
[Source "ChessBase"]
[SourceDate "2010.09.01"]
[SourceVersion "1"]
[SourceVersionDate "2010.09.01"]
[SourceQuality "1"]

1. d4 e6 2. c4 Nf6 3. Nc3 Bb4 4. e3 0-0 5. Bd3 d5 6. Nf3 c5 7. 0-0 Nc6 8. a3 Bxc3 9. bxc3 Qc7 10. cxd5 exd5 11. a4 Re8 12. Ba3 c4 13. Bc2 Bg4 14. Qe1 Bh5 15. Nh4 Ng4 16. g3 Bg6 17. Nxg6 hxg6 18. Qe2 Nf6 19. f3 Na5 20. Rae1 Nb3 21. Qd1 Qa5 22. Bb4 Qxa4 23. e4 Re6 24. e5 a5 25. Bc5 b6 26. exf6 Rxe1 27. Qxe1 bxc5 28. Qe5 Qc6 29. fxg7 cxd4 30. cxd4 Re8 31. Qg5 Kxg7 32. f4 Nxd4 33. f5 Re1 34. f6+ Kg8 35. Qf4 Ne2+ 0-1

[Event "Sitges 3rd"]
[Site "Sitges"]
[Date "2009.10.31"]
[Round "8"]
[White "Castano, Henry Augusto"]
[Black "Fernandez Aguado, Enrique"]
[Result "0-1"]
[WhiteElo "2233"]
[BlackElo "2354"]
[PlyCount "60"]
[EventDate "2009.10.25"]
[EventType "tourn"]
[EventRounds "9"]
[EventCountry "ESP"]
[EventCategory "5"]
[SourceTitle "EXT 2010"]
[Source "ChessBase"]
[SourceDate "2010.11.25"]
[SourceVersion "1"]
[SourceVersionDate "2010.11.25"]
[SourceQuality "1"]

1. e4 e6 2. d3 d5 3. Qe2 Nf6 4. Nf3 b6 5. e5 Nfd7 6. g3 Be7 7. Bg2 c5 8. 0-0 Nc6 9. c4 dxc4 10. dxc4 Bb7 11. Nc3 g5 12. Nb5 a6 13. Nxg5 axb5 14. Nxe6 Nd4 15. Nxd4 Bxg2 16. e6 cxd4 17. exd7+ Qxd7 18. Kxg2 0-0 19. cxb5 d3 20. Qe4 Rfe8 21. Rd1 Rad8 22. Qc6 Bc5 23. Qxd7 Rxd7 24. a3 Re2 25. Rd2 Be3 26. Rd1 Rxf2+ 27. Kh3 d2 28. Bxd2 Bxd2 29. b4 Rd6 30. a4 Rh6+ 0-1

[Event "Sitges 3rd"]
[Site "Sitges"]
[Date "2009.10.29"]
[Round "6"]
[White "Lacasa Diaz, Jose Antonio"]
[Black "Fernandez Aguado, Enrique"]
[Result "1-0"]
[WhiteElo "2405"]
[BlackElo "2354"]
[PlyCount "59"]
[EventDate "2009.10.25"]
[EventType "tourn"]
[EventRounds "9"]
[EventCountry "ESP"]
[EventCategory "5"]
[SourceTitle "EXT 2010"]
[Source "ChessBase"]
[SourceDate "2010.11.25"]
[SourceVersion "1"]
[SourceVersionDate "2010.11.25"]
[SourceQuality "1"]

1. e4 c5 2. Nf3 d6 3. d4 cxd4 4. Nxd4 Nf6 5. Nc3 a6 6. a4 Nc6 7. Be2 e6 8. 0-0 Be7 9. Be3 0-0 10. f4 Qc7 11. Kh1 Bd7 12. Nb3 b6 13. Bf3 Rab8 14. g4 Bc8 15. g5 Nd7 16. Bg2 Na5 17. Nd4 Nc4 18. Bc1 Re8 19. Rf3 Bf8 20. b3 Na5 21. Bb2 Nc6 22. Rh3 g6 23. f5 Nde5 24. Nde2 b5 25. axb5 axb5 26. Nf4 b4 27. Ncd5 exd5 28. Nxd5 Qd8 29. Nf6+ Qxf6 30. gxf6 1-0

[Event "Sitges 3rd"]
[Site "Sitges"]
[Date "2009.10.25"]
[Round "2"]
[White "Fernandez Aguado, Enrique"]
[Black "Beltran Rueda, Santiago"]
[Result "1-0"]
[WhiteElo "2354"]
[BlackElo "2427"]
[PlyCount "61"]
[EventDate "2009.10.25"]
[EventType "tourn"]
[EventRounds "9"]
[EventCountry "ESP"]
[EventCategory "5"]
[SourceTitle "EXT 2010"]
[Source "ChessBase"]
[SourceDate "2010.11.25"]
[SourceVersion "1"]
[SourceVersionDate "2010.11.25"]
[SourceQuality "1"]

1. d4 d5 2. c4 Nf6 3. Nf3 c6 4. Nc3 dxc4 5. a4 Bf5 6. e3 e6 7. Bxc4 Bb4 8. 0-0 Nbd7 9. Qe2 Bg6 10. Ne5 Nxe5 11. dxe5 Nd7 12. f4 Nb6 13. Rd1 Qh4 14. Qf1 0-0 15. a5 Nd5 16. Bxd5 cxd5 17. Qb5 Bxc3 18. bxc3 Rfc8 19. Qxb7 Be4 20. Ba3 Qg4 21. Rd2 h5 22. a6 h4 23. h3 Qg3 24. Bc5 Kh7 25. Bxa7 Qg6 26. Bd4 Rcb8 27. Qe7 Qg3 28. a7 Rb3 29. Qxf7 Bf5 30. Qh5+ Kg8 31. Qd1 1-0

[Event "Barcelona Sants op 12th"]
[Site "Barcelona"]
[Date "2009.08.23"]
[Round "3"]
[White "Krasenkow, Michal"]
[Black "Fernandez Aguado, Enrique"]
[Result "1-0"]
[WhiteElo "2631"]
[BlackElo "2340"]
[PlyCount "101"]
[EventDate "2009.08.21"]
[EventType "swiss"]
[EventRounds "10"]
[EventCountry "ESP"]
[SourceTitle "CBM 131 Extra"]
[Source "ChessBase"]
[SourceDate "2009.09.03"]
[SourceVersion "2"]
[SourceVersionDate "2009.09.16"]
[SourceQuality "1"]

1. Nf3 d5 2. d4 Nf6 3. c4 e6 4. Nc3 c6 5. e3 Nbd7 6. Qc2 Bd6 7. g4 h6 8. h3 e5 9. cxd5 cxd5 10. dxe5 Nxe5 11. Nxe5 Bxe5 12. Bg2 0-0 13. 0-0 Be6 14. f4 Bxc3 15. bxc3 Rc8 16. Bb2 Qb6 17. Rfe1 d4 18. exd4 Qxd4+ 19. Qf2 Qxf2+ 20. Kxf2 Rfd8 21. a4 Rd2+ 22. Re2 Rcd8 23. Bc1 Rxe2+ 24. Kxe2 Bc4+ 25. Kf2 Rd1 26. Bf3 Rd3 27. Ra3 Bd5 28. c4 Ne4+ 29. Ke1 Rxa3 30. Bxa3 Bc6 31. a5 a6 32. Ke2 f5 33. Ke3 g6 34. Kd4 Kf7 35. gxf5 gxf5 36. Ke5 Kg6 37. h4 h5 38. Bb4 Bd7 39. Bd1 Bc6 40. Ke6 Be8 41. Ke7 Bf7 42. Be2 Nf2 43. Kd7 Nh3 44. Kc8 Nxf4 45. Bf1 Be8 46. Kxb7 Ne6 47. c5 Nd8+ 48. Kxa6 Bc6 49. Kb6 Be4 50. Bb5 f4 51. c6 1-0